1102 1129 1033 1762 1069 1900 1664 1881 1973 1703 1002 1112 1366 1023 1253 1708 1833 1547 1259 1668 1582 1582 1331 1108 1938 1378 1689 1058 1117 1986 1988 1726 1530 1686 1582 1116 1923 1410 1161 1557 1330 1038 1427 1073 1179 1916 1752 1987 1915 1070 1027 1660 1886 1203 1589 1145 1697 1938 1281 1669 1070 1627 1225 1103 1286 1636 1361 1264 1366 1293 1228 1874 1623 1049 1822 1364 1302 1714 1605 1668 1992 1204 1601 1599 1937 1922 1331 1089 1606 1859 1858 1319 1214 1688 1851 1710 1660 1194 1383 BCNSPRNW ULIB Ver.6.0+V

เปลี่ยนเป็นภาษาไทย

Change to English
 แสดงรายละเอียดบรรณานุกรม
  กลับหน้าหลัก

Brief Record : Get Marc (ISO 2709) : E-mail record : QR code < ปิดหน้าต่าง
LEADER : 00000nam 2200000uu 4500
001    13399113187
003     ULIB
008    110627s2541||||th 000 0 tha d
020    9789749698916
090    นว.^bจ892ก 25441
100 0  โจนาธาน สเตราด์
245 00 โกเล็มส์อาย ไตรภาคบาร์ติเมอัส = The Golem s eye/^cโจนาธาน สเตราด์
260    กรุงเทพฯ :^bเนชั่นบุ๊คส์,^c2541
300    620 หน้า
710 1  เนชั่นบุ๊คส์
945    ^p365^l0^i019609
995    ทศพร
999 ^a ใช้งานได้ทุกระบบ
รายการนี้ยังไม่มีแท็ก
คุณยังไม่ได้ล็อกอิน คุณสามารถมีกิจกรรมร่วมกับเว็บไซต์ได้ แต่ต้องล็อกอินก่อน ::
  ล็อกอิน

รายการสื่อสารสนเทศ

ลำดับที่ ประเภท เลขเรียก/บาร์โค้ด สถานที่ สถานะ
- ไม่พบข้อมูล -

BibComment


ยังไม่เคยถูกคอมเมนท์

คอมเมนท์ทรัพยากรรายการนี้
  คอมเมนท์: โกเล็มส์อาย ไตรภา..


 Copyright 2026. Bcnsprnw @Library